000 00507nam a22002057a 4500
003 OSt
005 20140310182828.0
008 130530t xxu||||| |||| 00| 0 eng d
020 _a1561343730
050 _aD 880
_b.An615 1995
082 _aM 303.44
_bAn7 1995
245 _aDeveloping World
260 _aConnecticut
_bThe Dushkin Publishing Group, Inc.
_c1995
300 _a240 p.
_c27 cm
521 _aCollege
526 _c1210L-1700L
541 _j1
562 _e1
942 _2lcc
_cBK
_kM
999 _c16565
_d16565